U.S. States with the Deadliest Plane Crashes - Statistics

General Stats
  • This quiz has been taken 454 times
    44 since last reset
  • The average score is 7 of 20
Answer Stats
Deaths Flight No. State Year % Correct
1,700* AAL11 New York 2001
100%
1,000* UAL175 New York 2001
68%
265 AAL587 New York 2001
54%
189 AAL77 Virginia 2001
46%
144 PSA182 California 1978
43%
273 AAL191 Illinois 1979
41%
230 TWA800 New York 1996
41%
137 DAL191 Texas 1985
38%
110 VJA592 Florida 1996
30%
88 ASA261 California 2000
24%
101 EAL401 Florida 1972
24%
112 UAL232 Iowa 1989
24%
156 NWA255 Michigan 1987
24%
95 AAL1 New York 1962
24%
111 ASA1866 Alaska 1971
19%
153 PAA759 Louisiana 1982
19%
113 EAL66 New York 1975
19%
132 USA427 Pennsylvania 1994
19%
89 DAL723 Massachusetts 1973
14%
92 TWA514 Virginia 1974
11%
No matching quizzes found
Score Distribution
Percent of People with Each Score
Percentile by Number Answered
Your Score History
You have not taken this quiz since the last reset